[Event "Quebec op"]
[Site "Montreal CAN"]
[Date "2023.08.04"]
[Round "9.2"]
[White "Dukic, Zachary"]
[Black "Sambuev, Bator"]
[Result "0-1"]
[WhiteElo "2196"]
[BlackElo "2457"]
[PlyCount "118"]
[EventDate "2023.07.29"]
[EventType "swiss"]
[EventRounds "9"]
[EventCountry "CAN"]

1. e4 e5 2. Nf3 Nc6 3. Bb5 a6 4. Ba4 Nf6 5. O-O d6 6. Re1 Bd7 7. c3 g6 8. d4
Bg7 9. h3 O-O 10. Bc2 Nh5 11. a4 h6 12. Na3 b5 13. axb5 axb5 14. Be3 b4 15. Nc4
Rxa1 16. Qxa1 bxc3 17. bxc3 exd4 18. cxd4 d5 19. Nce5 Nb4 20. Bb1 Be6 21. Bd2
Qd6 22. Qa4 Rb8 23. Qa7 Rb6 24. Rc1 dxe4 25. Bxe4 Nf6 26. Bxg6 fxg6 27. Rxc7
Bf8 28. Nxg6 Nbd5 29. Rc1 Bg7 30. Nfe5 Ra6 31. Qb7 Rb6 32. Qa7 Qb8 33. Qa1 Bf5
34. Nh4 Rb1 35. Rxb1 Bxb1 36. Qa6 Qe8 37. Nhf3 Be4 38. Qa7 Ne7 39. Qb6 Kh7 40.
Qe6 Bd5 41. Qb6 Nc6 42. Be3 Be4 43. Bd2 Nxe5 44. Nxe5 Qa4 45. Kh2 Qc2 46. Qa5
Bf5 47. Qc3 Qb1 48. Qc1 Qe4 49. Nf3 Nd5 50. Qc6 Bg6 51. Qd7 Bh5 52. Nh4 Ne7 53.
Bb4 Qxh4 54. Bxe7 Qxf2 55. Qd5 Qf4+ 56. Kh1 Bf7 57. Qd6 Qe4 58. Bd8 Bd5 59. Qg3
Bxd4 0-1

[Event "Quebec op"]
[Site "Montreal CAN"]
[Date "2023.08.04"]
[Round "9.3"]
[White "Rozentalis, Eduardas"]
[Black "Zhu, Hong Rui"]
[Result "1-0"]
[WhiteElo "2496"]
[BlackElo "2176"]
[PlyCount "97"]
[EventDate "2023.07.29"]
[EventType "swiss"]
[EventRounds "9"]
[EventCountry "CAN"]

1. e4 c5 2. Nf3 g6 3. g3 Bg7 4. Bg2 Nc6 5. O-O e6 6. c3 d5 7. d3 Nge7 8. Qe2
dxe4 9. dxe4 Qc7 10. Na3 a6 11. Be3 b6 12. Rad1 O-O 13. Nc4 a5 14. Nd6 Ba6 15.
Nb5 Rad8 16. a4 Qb8 17. Rfe1 Rxd1 18. Rxd1 Rd8 19. Bf1 h6 20. h4 Kh7 21. Qc2
Bb7 22. Bg2 Kg8 23. Rd2 Kf8 24. Qd1 Rxd2 25. Qxd2 Ng8 26. Qd6+ Qxd6 27. Nxd6
Ba6 28. Bf1 Bxf1 29. Kxf1 Nf6 30. Nd2 Nd7 31. N2c4 Na7 32. Ke2 Ke7 33. Kd3 h5
34. Bf4 e5 35. Be3 Bf6 36. Nb7 Ke6 37. b4 axb4 38. cxb4 Be7 39. bxc5 Bxc5 40.
Bxc5 bxc5 41. a5 Nb5 42. Nd8+ Kf6 43. Nb6 Nb8 44. Kc4 Nd6+ 45. Kd5 Ke7 46. Nc6+
Nxc6 47. Kxc6 c4 48. a6 c3 49. Nd5+ 1-0

[Event "Quebec op"]
[Site "Montreal CAN"]
[Date "2023.08.04"]
[Round "9.5"]
[White "Zheng, Richard"]
[Black "Lin, Leo"]
[Result "1/2-1/2"]
[WhiteElo "2214"]
[BlackElo "2050"]
[PlyCount "92"]
[EventDate "2023.07.29"]
[EventType "swiss"]
[EventRounds "9"]
[EventCountry "CAN"]

1. d4 d6 2. e4 Nf6 3. Nc3 e5 4. Nf3 exd4 5. Nxd4 Be7 6. g3 d5 7. e5 Ng4 8. e6
Nf6 9. exf7+ Kxf7 10. Bg2 c6 11. O-O Re8 12. Re1 Na6 13. a3 Bd7 14. b4 Qc7 15.
Bb2 Bd6 16. Qd3 Kg8 17. Rac1 Rf8 18. h3 Rae8 19. Rxe8 Rxe8 20. Rd1 Qc8 21. Kh2
Re5 22. f4 Re7 23. Rd2 Qe8 24. Re2 Nc7 25. Rxe7 Qxe7 26. Nf5 Bxf5 27. Qxf5 Qd7
28. Qd3 Qe6 29. Ne2 Nce8 30. Nd4 Qf7 31. Nf5 Bb8 32. Qe3 a6 33. Bf3 Nd6 34. Qe5
Bc7 35. Nxd6 Qd7 36. Qg5 Qxd6 37. Bg4 Nxg4+ 38. Qxg4 Qe7 39. Bxg7 Qxg7 40. Qc8+
Qf8 41. Qxc7 Qe8 42. g4 Qe2+ 43. Kg3 Qe1+ 44. Kf3 Qc3+ 45. Kg2 Qd2+ 46. Kg3
Qe1+ 1/2-1/2

[Event "Quebec op"]
[Site "Montreal CAN"]
[Date "2023.08.04"]
[Round "9.6"]
[White "Robichaud, Louis"]
[Black "Saha, Ananda"]
[Result "1/2-1/2"]
[WhiteElo "2008"]
[BlackElo "1984"]
[PlyCount "120"]
[EventDate "2023.07.29"]
[EventType "swiss"]
[EventRounds "9"]
[EventCountry "CAN"]

1. e4 e6 2. d3 b6 3. g3 Bb7 4. Bg2 c5 5. Nf3 Nc6 6. O-O Nge7 7. Re1 d5 8. exd5
Nxd5 9. Nbd2 Be7 10. Nc4 O-O 11. a4 a6 12. h4 b5 13. Ncd2 Nd4 14. Nxd4 cxd4 15.
axb5 axb5 16. Rxa8 Qxa8 17. Nb3 Bf6 18. Bg5 Bxg5 19. hxg5 Ne7 20. Bxb7 Qxb7 21.
Nxd4 Qd5 22. Qg4 Ng6 23. Nf3 Rc8 24. Re2 b4 25. Qe4 Qa5 26. Kh2 Qc5 27. d4 Qc4
28. Kg2 Ne7 29. Ne5 Qd5 30. Qxd5 Nxd5 31. Kf3 Ra8 32. Ke4 Ra2 33. Nc4 Ra1 34.
Ne3 Nb6 35. Rd2 Kf8 36. d5 exd5+ 37. Nxd5 Nc4 38. Rd4 Nxb2 39. Rxb4 Re1+ 40.
Kd4 Nd1 41. Rb1 h6 42. gxh6 gxh6 43. c4 Ke8 44. Kc5 Kd7 45. Ne3 Nxf2 46. Rxe1
Nd3+ 47. Kd5 Nxe1 48. g4 Ke7 49. Ke4 Kd6 50. Nf5+ Kc5 51. Nxh6 Kxc4 52. Nxf7
Ng2 53. g5 Nh4 54. Ne5+ Kc5 55. Kf4 Kd6 56. Kg4 Ng2 57. Kf5 Ne3+ 58. Kf6 Nd5+
59. Kf7 Kxe5 60. g6 Nf6 1/2-1/2

[Event "Quebec op"]
[Site "Montreal CAN"]
[Date "2023.08.04"]
[Round "9.7"]
[White "Perez Rodriguez, Luis Manuel"]
[Black "Jiang, Barron Jiyu"]
[Result "1-0"]
[WhiteElo "2328"]
[BlackElo "1764"]
[PlyCount "55"]
[EventDate "2023.07.29"]
[EventType "swiss"]
[EventRounds "9"]
[EventCountry "CAN"]

1. e4 c5 2. Nf3 d6 3. d4 cxd4 4. Nxd4 Nf6 5. Nc3 a6 6. Bg5 e6 7. f4 Be7 8. Qf3
Qc7 9. O-O-O Nbd7 10. g4 b5 11. Bxf6 Nxf6 12. g5 Nd7 13. f5 O-O 14. Qh5 Nc5 15.
f6 Bd8 16. Bd3 d5 17. fxg7 Kxg7 18. Rhf1 Qe5 19. Kb1 Qxd4 20. e5 Nxd3 21. Rxd3
Qxd3 22. cxd3 b4 23. Ne2 a5 24. Qh6+ Kg8 25. Rf3 f5 26. gxf6 Rf7 27. Rg3+ Kh8
28. Rg7 1-0

[Event "Quebec op"]
[Site "Montreal CAN"]
[Date "2023.08.04"]
[Round "9.8"]
[White "Deboosere, Adam"]
[Black "Tanaka, Tyler"]
[Result "0-1"]
[WhiteElo "1745"]
[BlackElo "2297"]
[PlyCount "46"]
[EventDate "2023.07.29"]
[EventType "swiss"]
[EventRounds "9"]
[EventCountry "CAN"]

1. c4 e5 2. g3 Nf6 3. Bg2 h6 4. Nc3 Bb4 5. Nd5 Nxd5 6. cxd5 O-O 7. a3 Be7 8.
Nf3 Bf6 9. d3 c6 10. Nd2 cxd5 11. Bxd5 Nc6 12. Ne4 Qa5+ 13. Nc3 Ne7 14. Bg2 d5
15. b4 Qd8 16. Bb2 Be6 17. O-O Rc8 18. Na4 b6 19. Rc1 d4 20. Rxc8 Qxc8 21. Ba1
Qa6 22. f4 Nf5 23. Bc6 b5 0-1

[Event "Quebec op"]
[Site "Montreal CAN"]
[Date "2023.08.04"]
[Round "9.9"]
[White "Zhong, Kevin"]
[Black "Luksza, Arkadiusz"]
[Result "1-0"]
[WhiteElo "2143"]
[BlackElo "1991"]
[PlyCount "49"]
[EventDate "2023.07.29"]
[EventType "swiss"]
[EventRounds "9"]
[EventCountry "CAN"]

1. e4 c5 2. Ne2 Nc6 3. Nbc3 g6 4. g3 Bg7 5. Bg2 d6 6. d3 Nf6 7. O-O O-O 8. f4
a6 9. h3 Qc7 10. g4 e6 11. f5 exf5 12. exf5 h6 13. Nf4 gxf5 14. Nfd5 Qd8 15.
gxf5 Re8 16. Bd2 Nb4 17. Nxf6+ Qxf6 18. a3 Nc6 19. Nd5 Qd8 20. f6 Bf8 21. Bxh6
Re5 22. Bf4 Rxd5 23. Bxd5 Qxf6 24. Qh5 Bg7 25. Be3 1-0

[Event "Quebec op"]
[Site "Montreal CAN"]
[Date "2023.08.04"]
[Round "9.10"]
[White "Batorshyn, Ilia"]
[Black "Enkh-Amar, Galbadrakh"]
[Result "0-1"]
[WhiteElo "2014"]
[BlackElo "2130"]
[PlyCount "58"]
[EventDate "2023.07.29"]
[EventType "swiss"]
[EventRounds "9"]
[EventCountry "CAN"]

1. e4 c5 2. Nc3 e6 3. f4 Nc6 4. Nf3 d5 5. Bb5 Nf6 6. e5 Nd7 7. d3 Qb6 8. O-O a6
9. Bxc6 Qxc6 10. a4 b6 11. Qe2 Be7 12. Bd2 O-O 13. Kh1 Bb7 14. Be1 Rae8 15. Bh4
Bxh4 16. Nxh4 f6 17. exf6 Rxf6 18. Qg4 Ref8 19. Ne2 d4 20. Ng3 Rg6 21. Qf3 Qxf3
22. gxf3 Rh6 23. Ng2 Nf6 24. a5 b5 25. Rae1 Nd5 26. Ne4 Nxf4 27. Nxc5 Nxg2 28.
Kxg2 Rg6+ 29. Kh3 Rf5 0-1

[Event "Quebec op"]
[Site "Montreal CAN"]
[Date "2023.08.04"]
[Round "9.11"]
[White "Di Matteo, Alessio"]
[Black "Chang, Alexander"]
[Result "1/2-1/2"]
[WhiteElo "1677"]
[BlackElo "1704"]
[PlyCount "122"]
[EventDate "2023.07.29"]
[EventType "swiss"]
[EventRounds "9"]
[EventCountry "CAN"]

1. d4 Nf6 2. c4 e6 3. Nc3 Bb4 4. f3 d5 5. a3 Bxc3+ 6. bxc3 c5 7. cxd5 exd5 8.
e3 Bf5 9. Bd3 Bxd3 10. Qxd3 Nc6 11. Ne2 O-O 12. Ng3 Re8 13. O-O Rc8 14. Re1 Na5
15. Rb1 Qc7 16. Bb2 cxd4 17. cxd4 Qc2 18. Qf5 Qxf5 19. Nxf5 Rc2 20. Rec1 Rxc1+
21. Bxc1 g6 22. Nd6 Rd8 23. Nb5 a6 24. Nc3 b5 25. Kf2 Rc8 26. Ne2 Nd7 27. e4
dxe4 28. fxe4 Nc4 29. Rb3 Nd6 30. Kf3 f5 31. e5 Ne4 32. Rd3 Kf7 33. h4 Rd8 34.
Nf4 Nb6 35. d5 Nc4 36. e6+ Kf6 37. Ke2 a5 38. Nh3 Nb6 39. Bb2+ Ke7 40. Nf4 b4
41. axb4 axb4 42. Rd4 Na4 43. Ba1 Rb8 44. Rc4 Rb7 45. Be5 Nac3+ 46. Bxc3 Nxc3+
47. Kd2 b3 48. Nd3 Nxd5 49. Kc1 Rb6 50. Kb2 Kxe6 51. Nc5+ Kd6 52. Nxb3 Ne3 53.
Rd4+ Ke5 54. Rd7 Nxg2 55. Rxh7 Rc6 56. Nd2 Kf4 57. h5 gxh5 58. Rxh5 Ne3 59. Nb3
Kg4 60. Rh8 Rg6 61. Nd4 Rf6 1/2-1/2

[Event "Quebec op"]
[Site "Montreal CAN"]
[Date "2023.08.04"]
[Round "9.13"]
[White "Berube, Maximilien"]
[Black "Mok, Yuen Tak"]
[Result "1-0"]
[WhiteElo "1655"]
[BlackElo "1641"]
[PlyCount "77"]
[EventDate "2023.07.29"]
[EventType "swiss"]
[EventRounds "9"]
[EventCountry "CAN"]

1. e4 c6 2. Nc3 d5 3. Nf3 Bg4 4. h3 Bxf3 5. Qxf3 e6 6. d3 Nd7 7. Bd2 d4 8. Ne2
Qb6 9. O-O-O a5 10. g4 Ne7 11. Qg3 c5 12. f4 Nc6 13. e5 a4 14. Bg2 Ra6 15. Rde1
Nb4 16. a3 Nxc2 17. Kxc2 Qb3+ 18. Kb1 Rb6 19. Bc1 Qxa3 20. Kc2 Qb3+ 21. Kd2
Qb4+ 22. Kd1 Qb3+ 23. Kd2 Qa2 24. Kd1 Qb1 25. Kd2 Qa2 26. Kd1 Rb3 27. Be4 Qb1
28. Kd2 Nb6 29. Rd1 Qa2 30. Ke1 Nc4 31. Qf3 Nxb2 32. Bxb2 Qxb2 33. Rd2 Qa3 34.
Bxb7 f6 35. f5 Be7 36. Qc6+ Kf7 37. Qxe6+ Ke8 38. Bc6+ Kf8 39. Qc8+ 1-0

[Event "Quebec op"]
[Site "Montreal CAN"]
[Date "2023.08.04"]
[Round "9.14"]
[White "Gueorguiev, Valentin"]
[Black "Singher, Jean-Pierre"]
[Result "1-0"]
[WhiteElo "1917"]
[BlackElo "1934"]
[PlyCount "38"]
[EventDate "2023.07.29"]
[EventType "swiss"]
[EventRounds "9"]
[EventCountry "CAN"]

1. d4 Nf6 2. Bf4 c5 3. d5 d6 4. Nc3 a6 5. a4 e5 6. Bg3 Nh5 7. e4 Nxg3 8. hxg3
g6 9. Qd2 h5 10. Be2 Bh6 11. f4 Qf6 12. Nf3 exf4 13. e5 dxe5 14. Ne4 Qb6 15.
Qc3 O-O 16. gxf4 Bxf4 17. Nxe5 Re8 18. Nc4 Bg4 19. Nxb6 Rxe4 1-0

[Event "Quebec op"]
[Site "Montreal CAN"]
[Date "2023.08.04"]
[Round "9.15"]
[White "Wang, Rachel"]
[Black "Eltafi, Ali Sina"]
[Result "1-0"]
[WhiteElo "1675"]
[BlackElo "1394"]
[PlyCount "87"]
[EventDate "2023.07.29"]
[EventType "swiss"]
[EventRounds "9"]
[EventCountry "CAN"]

1. d4 Nf6 2. c4 g6 3. Nc3 d5 4. Nf3 c6 5. Bg5 Bg7 6. e3 e6 7. Bd3 O-O 8. O-O
Nbd7 9. b4 Re8 10. Qc2 Nf8 11. Rfd1 Qe7 12. b5 N8d7 13. Ne5 h6 14. Bxf6 Bxf6
15. Nxf7 Kxf7 16. Bxg6+ Kg7 17. Bxe8 Qxe8 18. e4 Qg6 19. Rd3 Kf7 20. cxd5 exd5
21. e5 Bg7 22. Rf3+ Nf6 23. Qxg6+ Kxg6 24. exf6 Bxf6 25. Rd1 Kf7 26. h3 Bd7 27.
Re1 Kg6 28. bxc6 bxc6 29. Ne2 Kg7 30. Nf4 Kh8 31. Nxd5 Bxd4 32. Nf6 Bxf6 33.
Rxf6 Kg7 34. Rd6 Bf5 35. Rxc6 a5 36. Re7+ Kf8 37. Rcc7 Bg6 38. f4 a4 39. f5 Be8
40. Rh7 Kg8 41. Rcg7+ Kf8 42. f6 Bf7 43. Rh8+ Bg8 44. Rhxg8# 1-0

[Event "Quebec op U2000"]
[Site "Montreal CAN"]
[Date "2023.07.29"]
[Round "1.23"]
[White "Bedhouche, Rayan"]
[Black "Beaupre, Eugene"]
[Result "0-1"]
[WhiteElo "1850"]
[BlackElo "1825"]
[PlyCount "49"]
[EventDate "2023.07.29"]
[EventType "swiss"]
[EventRounds "9"]
[EventCountry "CAN"]

1. e4 c5 2. Nf3 d6 3. d4 cxd4 4. Nxd4 Nf6 5. Nc3 g6 6. Be3 Bg7 7. f3 O-O 8. Qd2
Nc6 9. O-O-O Nxd4 10. Bxd4 Be6 11. g4 Rc8 12. Kb1 Re8 13. Bb5 Bd7 14. Bxd7 Qxd7
15. h4 Rc4 16. Be3 Rec8 17. Ne2 Rxc2 18. Qxc2 Rxc2 19. Kxc2 Qa4+ 20. Kb1 Nxe4
21. Bd4 Nc5 22. Bxg7 Kxg7 23. Rhe1 Nd7 24. Nd4 e5 25. Nc2 {
illisible 0- en 43 coups} 0-1

[Event "Quebec op U2000"]
[Site "Montreal CAN"]
[Date "2023.07.29"]
[Round "1.24"]
[White "Cloutier, Eric"]
[Black "Giroux, Robert"]
[Result "1-0"]
[WhiteElo "1815"]
[BlackElo "1843"]
[PlyCount "101"]
[EventDate "2023.07.29"]
[EventType "swiss"]
[EventRounds "9"]
[EventCountry "CAN"]

1. e4 e6 2. d4 d5 3. e5 c5 4. c3 Qb6 5. a3 Bd7 6. Nf3 Bb5 7. Bd3 Bxd3 8. Qxd3
Qa6 9. Qxa6 Nxa6 10. Be3 b6 11. O-O Nc7 12. b4 c4 13. Nbd2 Ne7 14. a4 Nc6 15.
Ne1 Be7 16. f4 O-O 17. g4 g6 18. g5 h6 19. h4 Bd8 20. Ndf3 Ne7 21. gxh6 Nf5 22.
Kf2 Nxh6 23. h5 Nf5 24. Rh1 Kg7 25. hxg6 fxg6 26. Nc2 Be7 27. Bd2 Rh8 28. Ne3
Rxh1 29. Nxf5+ exf5 30. Rxh1 Ne6 31. Kg3 a6 32. Ng5 Nxg5 33. fxg5 Rh8 34. Rxh8
Kxh8 35. Bf4 a5 36. bxa5 bxa5 37. e6 Kg8 38. Bc7 Bxg5 39. Bxa5 Kf8 40. Bb4+ Ke8
41. a5 Bd8 42. a6 Bc7+ 43. Kf3 Bb8 44. Bc5 g5 45. a7 Bxa7 46. Bxa7 Ke7 47. Bb6
Kxe6 48. Bd8 g4+ 49. Kf4 Kd7 50. Bg5 Ke6 51. Bh4 1-0

[Event "Quebec op U2000"]
[Site "Montreal CAN"]
[Date "2023.07.29"]
[Round "1.25"]
[White "Madanchi, Ata"]
[Black "Blanchet, Robert"]
[Result "1-0"]
[WhiteElo "1836"]
[BlackElo "1810"]
[PlyCount "57"]
[EventDate "2023.07.29"]
[EventType "swiss"]
[EventRounds "9"]
[EventCountry "CAN"]

1. e4 c5 2. Nc3 Nc6 3. g3 d6 4. Bg2 a6 5. f4 e6 6. Nge2 Qc7 7. O-O Nf6 8. d3
Bd7 9. a3 Be7 10. h3 Rc8 11. g4 Nd4 12. Ng3 O-O 13. g5 Ne8 14. f5 b5 15. f6 Bd8
16. Qh5 g6 17. Qh6 e5 18. Nd5 Qa7 19. Ne7+ Bxe7 20. fxe7 Ng7 21. exf8=Q+ Rxf8
22. Rf2 Nde6 23. Be3 Qc7 24. Raf1 Nd8 25. h4 Bg4 26. h5 Qd7 27. hxg6 hxg6 28.
Bf3 Bh3 29. Rh2 1-0

[Event "Quebec op U2000"]
[Site "Montreal CAN"]
[Date "2023.07.29"]
[Round "1.26"]
[White "Espagnol-Echeverria, Manuel"]
[Black "Chasles, Jean-Benoit"]
[Result "1-0"]
[WhiteElo "1806"]
[BlackElo "1825"]
[PlyCount "81"]
[EventDate "2023.07.29"]
[EventType "swiss"]
[EventRounds "9"]
[EventCountry "CAN"]

1. e4 c5 2. Nf3 g6 3. d4 cxd4 4. Nxd4 Bg7 5. c4 Nc6 6. Be3 Nf6 7. Nc3 O-O 8.
Be2 d6 9. O-O Ne5 10. h3 Bd7 11. f4 Nc6 12. Qd2 Qa5 13. Nb3 Qd8 14. c5 Qb8 15.
cxd6 exd6 16. Rad1 Rd8 17. Qxd6 Qc8 18. Qc5 b6 19. Qc4 Nh5 20. Kh2 Qc7 21. Nd5
Qb7 22. e5 Be6 23. Qxc6 Qb8 24. Ne7+ Kh8 25. Rxd8+ Qxd8 26. Rd1 Qb8 27. Bf3
Bxe5 28. Qxa8 Bxf4+ 29. Bxf4 Qxa8 30. Bxa8 Nxf4 31. Nd4 Bd7 32. Rf1 g5 33. Ndf5
h5 34. Rd1 Be6 35. Rd8+ Kh7 36. Rg8 g4 37. hxg4 hxg4 38. Rxg4 Ng6 39. Nxg6 Bxf5
40. Nf8+ Kh8 41. Rg3 1-0

[Event "Quebec op U2000"]
[Site "Montreal CAN"]
[Date "2023.07.29"]
[Round "1.27"]
[White "De Lagrave, Sylvain"]
[Black "Baran, Marius"]
[Result "1-0"]
[WhiteElo "1792"]
[BlackElo "1803"]
[PlyCount "113"]
[EventDate "2023.07.29"]
[EventType "swiss"]
[EventRounds "9"]
[EventCountry "CAN"]

1. e4 d5 2. exd5 Nf6 3. Bb5+ Bd7 4. Qe2 Nxd5 5. Nc3 a6 6. Bc4 Bc6 7. Nxd5 Bxd5
8. Nf3 Nc6 9. O-O e6 10. c3 Be7 11. d4 O-O 12. Bf4 Rc8 13. Bd3 Bf6 14. b4 Ne7
15. a4 Ng6 16. Bg3 Bxf3 17. Qxf3 c6 18. Rfe1 Bh4 19. Bxh4 Nxh4 20. Qe4 Ng6 21.
g3 Qd5 22. Qe2 Rfd8 23. a5 Qg5 24. Qe4 Qd5 25. Qe2 Qg5 26. Qe4 Qd5 27. Qg4 h5
28. Qe2 Qg5 29. Qf3 h4 30. Bxg6 Qxg6 31. Re4 hxg3 32. hxg3 Rd5 33. Rh4 f6 34.
Kg2 Kf7 35. Rah1 Rf5 36. Qe2 e5 37. Rg4 Rg5 38. Rxg5 Qxg5 39. Rh5 Qg6 40. dxe5
Re8 41. Qc4+ Re6 42. Rh8 fxe5 43. Rb8 Qf5 44. Rxb7+ Kg6 45. g4 Qf6 46. Qe4+ Kh6
47. Qe3+ Kg6 48. Qh3 Qg5 49. Qh5+ Qxh5 50. gxh5+ Kxh5 51. Rb6 e4 52. Rxa6 Rg6+
53. Kf1 Rf6 54. Ke2 Kg4 55. Rb6 Kf5 56. b5 Ke5 57. a6 1-0

[Event "Quebec op U2000"]
[Site "Montreal CAN"]
[Date "2023.07.29"]
[Round "1.28"]
[White "Nardone, Raul"]
[Black "Forget, Luc"]
[Result "0-1"]
[WhiteElo "1765"]
[BlackElo "1771"]
[PlyCount "40"]
[EventDate "2023.07.29"]
[EventType "swiss"]
[EventRounds "9"]
[EventCountry "CAN"]

1. d4 Nf6 2. c4 e6 3. Nf3 b6 4. a3 Ba6 5. Qa4 Be7 6. g3 O-O 7. Bg2 Bb7 8. O-O
d5 9. Ne5 c6 10. cxd5 cxd5 11. Nc3 a6 12. Be3 Nfd7 13. Nd3 Nc6 14. b4 Bf6 15.
Qd1 Nxd4 16. Rc1 Rc8 17. f4 Rxc3 18. Rxc3 Nxe2+ 19. Qxe2 Bxc3 20. Bf2 Qb8 0-1

[Event "Quebec op U2000"]
[Site "Montreal CAN"]
[Date "2023.07.29"]
[Round "1.29"]
[White "Beaulieu, Pierre"]
[Black "Kozlov, Guennadi"]
[Result "0-1"]
[WhiteElo "1758"]
[BlackElo "1711"]
[PlyCount "140"]
[EventDate "2023.07.29"]
[EventType "swiss"]
[EventRounds "9"]
[EventCountry "CAN"]

1. Nf3 Nf6 2. g3 b6 3. Bg2 Bb7 4. c4 d6 5. Nc3 g6 6. O-O Bg7 7. d3 O-O 8. Bg5
Nbd7 9. Qd2 Nc5 10. e4 Rb8 11. Rad1 Re8 12. Bh6 Bh8 13. Nh4 Ng4 14. Bg5 Ne6 15.
h3 Ne5 16. Be3 Nc6 17. f4 Ned4 18. f5 e6 19. fxg6 fxg6 20. Bg5 Qd7 21. Bf6 Bxf6
22. Rxf6 Qg7 23. Rdf1 Rf8 24. e5 dxe5 25. Ne4 Ne7 26. Qg5 Bxe4 27. Bxe4 Rxf6
28. Qxf6 Qxf6 29. Rxf6 Rf8 30. Rxf8+ Kxf8 31. Kf2 Nef5 32. Ng2 Ke7 33. g4 Nd6
34. Bf3 c5 35. Ne3 g5 36. Ng2 h6 37. Ke3 Nc2+ 38. Kd2 Nd4 39. Ke3 Nc2+ 40. Kf2
Nb4 41. Ke3 Nxa2 42. Bd1 Nb4 43. Bb3 Nc6 44. Bd1 Nd4 45. b3 a6 46. Ne1 b5 47.
Nf3 Nxf3 48. Bxf3 Kd7 49. Be2 Kc6 50. Kd2 Kb6 51. Kc3 bxc4 52. bxc4 e4 53. d4
a5 54. Bd1 e3 55. Kd3 cxd4 56. Kxd4 a4 57. c5+ Kc6 58. Bf3+ Kd7 59. cxd6 a3 60.
Kc3 Kxd6 61. Kb3 Ke5 62. Kxa3 Kf4 63. Bd1 Kg3 64. Kb3 Kf2 65. Kc3 e2 66. Bxe2
Kxe2 67. Kd4 Kf3 68. Ke5 Kg3 69. Kxe6 Kxh3 70. Kf5 Kg3 0-1

[Event "Quebec op U2000"]
[Site "Montreal CAN"]
[Date "2023.07.29"]
[Round "1.30"]
[White "Brassard, Sylvain"]
[Black "Duval, Mathieu"]
[Result "0-1"]
[WhiteElo "1725"]
[BlackElo "1744"]
[PlyCount "82"]
[EventDate "2023.07.29"]
[EventType "swiss"]
[EventRounds "9"]
[EventCountry "CAN"]

1. d4 d5 2. Nf3 Nf6 3. c3 e6 4. Bf4 Be7 5. h3 Nbd7 6. e3 O-O 7. Bd3 c5 8. Nbd2
Qb6 9. Qb3 c4 10. Qxb6 Nxb6 11. Bc2 Bd7 12. O-O Na4 13. Rab1 Rfc8 14. Ne5 Be8
15. Rfe1 b5 16. e4 b4 17. Bxa4 Bxa4 18. cxb4 Bxb4 19. f3 dxe4 20. fxe4 c3 21.
bxc3 Bxc3 22. Nef3 Bc2 23. Rb7 Rd8 24. Rc1 Bxe4 25. Nxe4 Nxe4 26. Be3 h6 27.
Ne5 Rac8 28. Rd1 f6 29. Ng6 Kh7 30. Ne7 Rc4 31. d5 exd5 32. Rxd5 Rxd5 33. Nxd5
a5 34. Nxc3 Rxc3 35. Bd4 Rd3 36. Ba7 Ra3 37. Rb2 Nc3 38. Rb3 Ne2+ 39. Kf1 Rxa2
40. Bc5 Nf4 41. Rb7 Ra1+ 0-1

[Event "Quebec op U2000"]
[Site "Montreal CAN"]
[Date "2023.07.29"]
[Round "1.31"]
[White "Goldner, John"]
[Black "Tachijian, Mardig"]
[Result "0-1"]
[WhiteElo "1628"]
[BlackElo "1717"]
[PlyCount "122"]
[EventDate "2023.07.29"]
[EventType "swiss"]
[EventRounds "9"]
[EventCountry "CAN"]

1. e4 e5 2. Nf3 Nc6 3. Bb5 a6 4. Ba4 Nf6 5. d3 d6 6. c3 Be7 7. O-O O-O 8. Re1
b5 9. Bc2 Bg4 10. Nbd2 h6 11. Nf1 Nh7 12. h3 Bh5 13. g4 Bg6 14. Ng3 Ng5 15. Kh2
Nxf3+ 16. Qxf3 a5 17. Bd2 b4 18. Nf5 Bg5 19. Rad1 Bxd2 20. Rxd2 bxc3 21. bxc3
Rb8 22. Bb3 Na7 23. d4 Nc6 24. Bd5 Qg5 25. Red1 Bxf5 26. gxf5 Ne7 27. Bb3 Kh8
28. dxe5 dxe5 29. Rd7 Rbc8 30. Rg1 Qf6 31. Qg3 Nc6 32. Ba4 Nb8 33. Rd5 c6 34.
Rd6 Qg5 35. Qxe5 f6 36. Qe7 Qf4+ 37. Kh1 Qf3+ 38. Rg2 Qxh3+ 39. Kg1 Rg8 40. Bb3
Rce8 41. Qf7 Qxc3 42. Rd1 Qb4 43. Qg6 Qxe4 44. Rg4 Qe7 45. Bxg8 Rxg8 46. Kg2
Nd7 47. Rg1 Qf8 48. Rh4 Ne5 49. Qh5 c5 50. Kf1 c4 51. f4 Nf7 52. Qg6 c3 53. Rh3
c2 54. Rc3 Qa8 55. Rg2 Qa6+ 56. Ke1 c1=Q+ 57. Rxc1 Re8+ 58. Kd1 Qf1+ 59. Kc2
Rc8+ 60. Kb3 Qb5+ 61. Ka3 Qb4# 0-1

[Event "Quebec op U2000"]
[Site "Montreal CAN"]
[Date "2023.07.29"]
[Round "1.32"]
[White "Democri, Fardin"]
[Black "Selling, Edward"]
[Result "1-0"]
[WhiteElo "1715"]
[BlackElo "1625"]
[PlyCount "43"]
[EventDate "2023.07.29"]
[EventType "swiss"]
[EventRounds "9"]
[EventCountry "CAN"]

1. e4 c5 2. Nc3 e6 3. Nf3 Nc6 4. d4 cxd4 5. Nxd4 Qc7 6. Ndb5 Qb8 7. Be3 a6 8.
Bb6 axb5 9. Nxb5 Bd6 10. Nxd6+ Kf8 11. Qh5 g6 12. Qc5 Nge7 13. Rd1 Kg7 14. g4
h6 15. f4 f6 16. b4 Ng8 17. f5 Ne5 18. Bc4 Nf3+ 19. Ke2 Ng5 20. h4 Nf7 21. Ne8+
Kh7 22. fxg6+ 1-0

[Event "Quebec op U2000"]
[Site "Montreal CAN"]
[Date "2023.07.29"]
[Round "1.33"]
[White "Omichi, Haruaki"]
[Black "Arsenault, Alexis"]
[Result "1-0"]
[WhiteElo "1568"]
[BlackElo "1667"]
[PlyCount "67"]
[EventDate "2023.07.29"]
[EventType "swiss"]
[EventRounds "9"]
[EventCountry "CAN"]

1. e4 e5 2. Nf3 Nc6 3. Bc4 Nf6 4. d3 Be7 5. O-O d6 6. c3 O-O 7. Bb3 h6 8. Re1
Nh7 9. d4 Bg5 10. Nxg5 Nxg5 11. f4 exf4 12. Bxf4 Qf6 13. Bg3 Qg6 14. Nd2 Kh8
15. Bc2 f5 16. e5 dxe5 17. d5 Nb8 18. Rxe5 Qb6+ 19. Bf2 Qxb2 20. Bd4 c5 21. Rb1
Qa3 22. Nc4 Qa6 23. Bxc5 Nd7 24. Bxf8 Nxe5 25. Nxe5 Qf6 26. h4 Nh3+ 27. gxh3
Qxe5 28. Qf3 Bd7 29. Bc5 b6 30. Bd4 Qd6 31. Re1 Rf8 32. Be5 Qc5+ 33. Qe3 Qxd5
34. Qxh6+ 1-0

[Event "Quebec op U2000"]
[Site "Montreal CAN"]
[Date "2023.07.29"]
[Round "1.34"]
[White "Cloutier, Jean-Pierre"]
[Black "Yang, Jing Yao"]
[Result "1-0"]
[WhiteElo "1654"]
[BlackElo "1555"]
[PlyCount "47"]
[EventDate "2023.07.29"]
[EventType "swiss"]
[EventRounds "9"]
[EventCountry "CAN"]

1. d4 Nf6 2. Bf4 g6 3. Nc3 d5 4. Qd2 c6 5. f3 Bg7 6. Bh6 O-O 7. Bxg7 Kxg7 8. h4
h5 9. Nh3 Qd6 10. Nf2 a5 11. O-O-O b5 12. e4 dxe4 13. Ncxe4 Nxe4 14. Nxe4 Qd5
15. Kb1 Be6 16. Nc3 Qd6 17. d5 cxd5 18. Qd4+ f6 19. Nxb5 Qd7 20. Qb6 Na6 21.
Nd4 Bf7 22. Bxa6 Rfb8 23. Bb5 e5 24. Qxb8 1-0

[Event "Quebec op U2000"]
[Site "Montreal CAN"]
[Date "2023.07.29"]
[Round "1.35"]
[White "Fiset, Anais Chloe"]
[Black "St-Germain, Jack"]
[Result "1-0"]
[WhiteElo "1457"]
[BlackElo "1635"]
[PlyCount "57"]
[EventDate "2023.07.29"]
[EventType "swiss"]
[EventRounds "9"]
[EventCountry "CAN"]

1. e4 c5 2. Nf3 d6 3. Bb5+ Bd7 4. Bxd7+ Nxd7 5. O-O Ngf6 6. Re1 e6 7. d4 Be7 8.
Nc3 cxd4 9. Nxd4 a6 10. a4 O-O 11. Be3 Ne5 12. f4 Nc4 13. Bc1 Qb6 14. b3 e5 15.
bxc4 exd4 16. Nd5 Nxd5 17. cxd5 Rac8 18. Kh1 Rc4 19. a5 Qc7 20. Bb2 Bf6 21. e5
dxe5 22. d6 Qxd6 23. Ba3 Qd5 24. Bxf8 Kxf8 25. fxe5 Bxe5 26. Qd3 g6 27. Rxe5
Qxe5 28. Qxc4 d3 29. Rf1 1-0